30 zufällige Elemente - Statistiken

Allgemein
  • Dieses Quiz wurde 850 mal gespielt
  • Das Durchschnittsergebnis liegt bei 19 aus 30
Antwortstatistiken
Kürzel Element % Korrekt
He Helium
100%
U Uran
100%
Au Gold
97%
Cu Kupfer
97%
Ne Neon
96%
Fe Eisen
95%
Li Lithium
94%
Na Natrium
94%
H Wasserstoff
94%
Br Brom
93%
Mg Magnesium
93%
O Sauerstoff
89%
S Schwefel
89%
Al Aluminium
87%
Ar Argon
87%
P Phosphor
87%
Cl Chlor
86%
Mn Mangan
86%
B Bor
85%
Ca Calcium
85%
C Kohlenstoff
85%
K Kalium
83%
Xe Xenon
83%
Ag Silber
81%
Zn Zink
80%
F Fluor
79%
Se Selen
79%
N Stickstoff
79%
Ti Titan
79%
W Wolfram
79%
Ga Gallium
78%
Ni Nickel
77%
Ra Radium
77%
Ba Barium
76%
I Iod
76%
Pb Blei
75%
Cr Chrom
75%
As Arsen
73%
Co Cobalt
73%
Hg Quecksilber
73%
Cd Cadmium
71%
Ge Germanium
71%
Kr Krypton
71%
Be Beryllium
70%
Os Osmium
68%
Hf Hafnium
67%
Ir Iridium
66%
Si Silicium
66%
Mo Molybdän
64%
Nb Niob
64%
V Vanadium
64%
Eu Europium
63%
Rn Radon
63%
Sn Zinn
63%
Fr Francium
59%
In Indium
58%
Po Polonium
58%
Y Yttrium
58%
Cs Caesium
56%
Rh Rhodium
56%
Te Tellur
55%
Pt Platin
54%
Bi Bismut
53%
Ce Cer
52%
Db Dubnium
52%
Pd Palladium
52%
Yb Ytterbium
51%
Ac Actinium
50%
Hs Hassium
50%
Og Oganesson
48%
At Astat
47%
Rf Rutherfordium
47%
Th Thorium
46%
Cf Californium
45%
Es Einsteinium
45%
Np Neptunium
44%
Sc Scandium
43%
Sr Strontium
43%
Ds Darmstadtium
42%
Nd Neodym
42%
Rg Roentgenium
41%
Ta Tantal
41%
Am Americium
40%
Lr Lawrencium
40%
La Lanthan
39%
No Nobelium
39%
Tl Thallium
39%
Lu Lutetium
38%
Re Rhenium
38%
Zr Zirconium
38%
Lv Livermorium
37%
Pu Plutonium
37%
Bk Berkelium
36%
Mt Meitnerium
36%
Er Erbium
35%
Ru Ruthenium
35%
Sg Seaborgium
35%
Rb Rubidium
33%
Ts Tenness
33%
Cn Copernicium
32%
Bh Bohrium
31%
Ho Holmium
31%
Md Mendelevium
31%
Sm Samarium
31%
Tm Thulium
31%
Cm Curium
30%
Fm Fermium
30%
Sb Antimon
28%
Nh Nihonium
28%
Pr Praseodym
26%
Dy Dysprosium
24%
Gd Gadolinium
24%
Pm Promethium
24%
Tc Technetium
23%
Tb Terbium
22%
Fl Flerovium
21%
Pa Protactinium
17%
Mc Moscovium
14%
Keine übereinstimmenden Quizze gefunden
Verteilung der Resultate
Anzahl Personen mit jedem Resultat
Perzentil nach korrekt beantworteten Fragen
Ihre Resultats-Entwicklung
Sie haben dieses Quiz noch nicht gespielt